Comarques of Catalonia - Statistics

General Stats
  • This quiz has been taken 633 times
    630 since last reset
  • The average score is 27 of 42
Answer Stats
Hint Answer % Correct
Barcelona Barcelonès
92%
Barcelona Vallès Oriental
84%
Girona Gironès
83%
Barcelona Vallès Occidental
83%
Barcelona Maresme
80%
Girona Alt Empordà
79%
Camp de Tarragona Tarragonès
78%
Alt Pirineu i Aran Val d'Aran
78%
Girona Baix Empordà
77%
Barcelona Baix Llobregat
73%
Alt Pirineu i Aran Pallars Jussà
70%
Alt Pirineu i Aran Pallars Sobirà
70%
Camp de Tarragona Baix Camp
69%
Catalunya Central Osona
69%
Barcelona Alt Penedès
68%
Camp de Tarragona Alt Camp
67%
Camp de Tarragona Baix Penedès
66%
Catalunya Central Bages
65%
Catalunya Central L'Anoia
65%
Terres de l'Ebre Montsià
65%
Ponent Segrià
65%
Alt Pirineu i Aran Cerdanya
64%
Girona La Selva
63%
Alt Pirineu i Aran Alta Ribagorça
62%
Alt Pirineu i Aran Alt Urgell
62%
Girona Garrotxa
62%
Girona Ripollès
62%
Catalunya Central Berguedà
61%
Terres de l'Ebre Baix Ebre
59%
Barcelona Garraf
59%
Girona Pla de l'Estany
59%
Catalunya Central Solsonès
57%
Terres de l'Ebre Terra Alta
57%
Ponent La Noguera
56%
Ponent Urgell
56%
Catalunya Central Moianès
55%
Camp de Tarragona Priorat
51%
Ponent Pla d'Urgell
45%
Terres de l'Ebre Ribera d'Ebre
43%
Ponent La Segarra
42%
Camp de Tarragona Conca de Barberà
40%
Ponent Les Garrigues
35%
No matching quizzes found
Score Distribution
Percent of People with Each Score
Percentile by Number Answered
Your Score History
You have not taken this quiz since the last reset